[Event "POL-chT1"]
[Site "Mrzezyno"]
[Date "2011.09.11"]
[Round "9"]
[White "Hudziak, Pawel"]
[Black "Lisowski, Krzysztof"]
[Result "0-1"]
[WhiteElo "2207"]
[BlackElo "2192"]
[PlyCount "64"]
[EventDate "2011.09.03"]
[EventType "team-tourn"]
[EventRounds "9"]
[EventCountry "POL"]
[SourceTitle "CBM 144 Extra"]
[Source "ChessBase"]
[SourceDate "2011.10.28"]
[SourceVersion "1"]
[SourceVersionDate "2011.10.28"]
[SourceQuality "1"]
[WhiteTeam "Brzeg Prokonex"]
[BlackTeam "Ostroda Ostrodzianka"]
[WhiteTeamCountry "POL"]
[BlackTeamCountry "POL"]

1. c4 Nf6 2. Nc3 e6 3. e4 c5 4. e5 Ng8 5. Nf3 Nc6 6. d4 cxd4 7. Nxd4 Nxe5 8. Ndb5 a6 9. Nd6+ Bxd6 10. Qxd6 f6 11. Be3 Ne7 12. Bb6 Nf5 13. Qc5 Qe7 14. Qa5 0-0 15. Rd1 d6 16. Be2 Bd7 17. f4 Ng6 18. 0-0 Bc6 19. g3 Rac8 20. Bd3 Nh6 21. Rde1 f5 22. c5 d5 23. Ne2 e5 24. fxe5 Qxe5 25. Qd2 Ng4 26. Nf4 Qd4+ 27. Kg2 N6e5 28. h3 Nc4 29. Ne6 Nge3+ 30. Rxe3 Nxe3+ 31. Kf2 Nxf1+ 32. Nxd4 Nxd2 0-1

[Event "POL-chT1"]
[Site "Mrzezyno"]
[Date "2011.09.10"]
[Round "8"]
[White "Wypych, Dominik"]
[Black "Hudziak, Pawel"]
[Result "1/2-1/2"]
[WhiteElo "2097"]
[BlackElo "2207"]
[PlyCount "81"]
[EventDate "2011.09.03"]
[EventType "team-tourn"]
[EventRounds "9"]
[EventCountry "POL"]
[SourceTitle "CBM 144 Extra"]
[Source "ChessBase"]
[SourceDate "2011.10.28"]
[SourceVersion "1"]
[SourceVersionDate "2011.10.28"]
[SourceQuality "1"]
[WhiteTeam "Gostynin Gostmat 83 "]
[BlackTeam "Brzeg Prokonex"]
[WhiteTeamCountry "POL"]
[BlackTeamCountry "POL"]

1. d4 Nf6 2. g3 d5 3. Bg2 c5 4. e3 Nc6 5. Nf3 Bg4 6. h3 Bh5 7. 0-0 e6 8. c3 Bd6 9. Nbd2 0-0 10. Qe2 Re8 11. Qb5 a6 12. Qa4 b5 13. Qc2 Rc8 14. dxc5 Bxc5 15. e4 d4 16. cxd4 Nxd4 17. Nxd4 Bxd4 18. Qb3 Qc7 19. Nf3 Bxf3 20. Qxf3 Qc2 21. Qb3 e5 22. Bf3 h6 23. g4 Nd7 24. Qxc2 Rxc2 25. Bd1 Rc7 26. Rb1 Nc5 27. Bc2 b4 28. Bd2 a5 29. Rfd1 Rec8 30. Kf1 Ne6 31. Bd3 Rd8 32. Be3 Rcd7 33. Bb5 Rd6 34. Bc4 Ng5 35. Bxg5 hxg5 36. Rd3 Rf6 37. f3 Rh6 38. Kg2 Rc8 39. b3 Kf8 40. Rc1 a4 41. Rdd1 1/2-1/2

[Event "POL-chT1"]
[Site "Mrzezyno"]
[Date "2011.09.09"]
[Round "7"]
[White "Krainski, Aleksander"]
[Black "Hudziak, Pawel"]
[Result "1-0"]
[WhiteElo "2248"]
[BlackElo "2207"]
[PlyCount "83"]
[EventDate "2011.09.03"]
[EventType "team-tourn"]
[EventRounds "9"]
[EventCountry "POL"]
[SourceTitle "CBM 144 Extra"]
[Source "ChessBase"]
[SourceDate "2011.10.28"]
[SourceVersion "1"]
[SourceVersionDate "2011.10.28"]
[SourceQuality "1"]
[WhiteTeam "Znin Baszta"]
[BlackTeam "Brzeg Prokonex"]
[WhiteTeamCountry "POL"]
[BlackTeamCountry "POL"]

1. Nf3 Nf6 2. g3 b6 3. Bg2 Bb7 4. d4 e6 5. 0-0 Be7 6. c4 0-0 7. Nc3 Ne4 8. Bd2 Bf6 9. Rc1 d6 10. d5 Nxc3 11. Bxc3 Bxc3 12. Rxc3 Nd7 13. e4 Nc5 14. Nd4 a5 15. b3 Re8 16. Re3 Qf6 17. Rfe1 e5 18. Ne2 Bc8 19. Nc3 Bd7 20. Bf3 Re7 21. Bg4 Be8 22. Kg2 g6 23. h4 h5 24. Bh3 Qg7 25. Rf1 Qh6 26. Qe1 Bd7 27. f4 exf4 28. gxf4 Bxh3+ 29. Kxh3 Rae8 30. e5 Qg7 31. Rf2 dxe5 32. f5 f6 33. Rg3 g5 34. hxg5 h4 35. Re3 e4 36. d6 Re5 37. gxf6 Qh7 38. Nd5 Nd3 39. Rg2+ Kf8 40. Qxh4 Qxf5+ 41. Kh2 Qh5 42. Rh3 1-0

[Event "POL-chT1"]
[Site "Mrzezyno"]
[Date "2011.09.04"]
[Round "2"]
[White "Hudziak, Pawel"]
[Black "Betkowski, Andrzej"]
[Result "0-1"]
[WhiteElo "2207"]
[BlackElo "2185"]
[PlyCount "54"]
[EventDate "2011.09.03"]
[EventType "team-tourn"]
[EventRounds "9"]
[EventCountry "POL"]
[SourceTitle "CBM 144 Extra"]
[Source "ChessBase"]
[SourceDate "2011.10.28"]
[SourceVersion "1"]
[SourceVersionDate "2011.10.28"]
[SourceQuality "1"]
[WhiteTeam "Brzeg Prokonex"]
[BlackTeam "Krakow TKKF Drogowiec"]
[WhiteTeamCountry "POL"]
[BlackTeamCountry "POL"]

1. c4 f5 2. Nc3 Nf6 3. Nf3 g6 4. g3 Bg7 5. Bg2 0-0 6. d4 d6 7. d5 c5 8. dxc6 bxc6 9. Nd4 Bd7 10. 0-0 Ng4 11. c5 Kh8 12. cxd6 exd6 13. Bf4 d5 14. Na4 Na6 15. Rc1 g5 16. Bd6 Rf6 17. Ba3 f4 18. Qd3 Nc7 19. b3 Qe8 20. Nf3 fxg3 21. hxg3 Qh5 22. Rfd1 Re8 23. Nc5 Rxf3 24. exf3 Qh2+ 25. Kf1 Ne5 26. Qd2 Nxf3 27. Nxd7 Qg1# 0-1

[Event "Wroclaw Oct op"]
[Site "Wroclaw"]
[Date "2010.??.??"]
[Round "4"]
[White "Cyfka, Karina"]
[Black "Hudziak, Pawel"]
[Result "1/2-1/2"]
[WhiteElo "2322"]
[BlackElo "2205"]
[PlyCount "46"]
[EventDate "2010.10.22"]
[EventType "swiss"]
[EventRounds "5"]
[EventCountry "POL"]
[SourceTitle "EXT 2011"]
[Source "ChessBase"]
[SourceDate "2010.11.26"]
[SourceVersion "1"]
[SourceVersionDate "2010.11.26"]
[SourceQuality "1"]

1. e4 d6 2. d4 Nf6 3. Bd3 g6 4. Nf3 Bg7 5. 0-0 0-0 6. Re1 Nc6 7. c3 e5 8. h3 h6 9. dxe5 Nxe5 10. Nxe5 dxe5 11. Na3 Be6 12. Be3 Qe7 13. Qc2 Nh5 14. b4 Nf4 15. Bf1 Rfd8 16. Red1 a5 17. Rxd8+ Rxd8 18. Qb2 axb4 19. Qxb4 Bf8 20. Qxe7 Bxe7 21. Nc4 f6 22. Na5 Ra8 23. Nxb7 Rxa2 1/2-1/2

[Event "Wroclaw Oct op"]
[Site "Wroclaw"]
[Date "2010.??.??"]
[Round "2"]
[White "Krupa, Monika"]
[Black "Hudziak, Pawel"]
[Result "1/2-1/2"]
[WhiteElo "2208"]
[BlackElo "2205"]
[PlyCount "70"]
[EventDate "2010.10.22"]
[EventType "swiss"]
[EventRounds "5"]
[EventCountry "POL"]
[SourceTitle "EXT 2011"]
[Source "ChessBase"]
[SourceDate "2010.11.26"]
[SourceVersion "1"]
[SourceVersionDate "2010.11.26"]
[SourceQuality "1"]

1. e4 c6 2. d4 d5 3. Nc3 dxe4 4. Nxe4 Nd7 5. Bd3 Ndf6 6. Ng5 e6 7. N1f3 Bd6 8. 0-0 Qc7 9. Qe2 h6 10. Ne4 Nxe4 11. Qxe4 Nf6 12. Qh4 b6 13. c4 Bb7 14. c5 bxc5 15. dxc5 Bxc5 16. b4 Be7 17. Bf4 Bd6 18. Bxd6 Qxd6 19. Rfd1 Qe7 20. Ne5 Nd5 21. Qc4 Qxb4 22. Qxb4 Nxb4 23. Rab1 Nxd3 24. Rxd3 Ba6 25. Ra3 Bb5 26. Ra5 f6 27. a4 fxe5 28. axb5 cxb5 29. Rbxb5 Kf7 30. Rxe5 Rhd8 31. f4 Rd5 32. Rexd5 exd5 33. Ra6 Rd8 34. Rxa7+ Kf6 35. Kf2 g5 1/2-1/2

[Event "CZE-chT1E 0809"]
[Site "Czech Republic"]
[Date "2009.03.01"]
[Round "9.3"]
[White "Hudziak, Pawel"]
[Black "Nedela, Vlastimil"]
[Result "1-0"]
[WhiteElo "2206"]
[BlackElo "2336"]
[PlyCount "119"]
[EventDate "2008.11.08"]
[EventType "tourn"]
[EventRounds "11"]
[EventCountry "CZE"]
[SourceTitle "EXT 2010"]
[Source "ChessBase"]
[SourceDate "2010.11.25"]
[SourceVersion "1"]
[SourceVersionDate "2010.11.25"]
[SourceQuality "1"]
[WhiteTeam "Rychnov nad Kneznou"]
[BlackTeam "Poruba Slavoj"]
[WhiteTeamCountry "CZE"]
[BlackTeamCountry "CZE"]

1. c4 g6 2. Nc3 Bg7 3. Nf3 d6 4. g3 e5 5. Bg2 Nc6 6. 0-0 Nge7 7. d3 0-0 8. Rb1 f5 9. Bd2 h6 10. b4 g5 11. b5 Nb8 12. Nd5 Nd7 13. Bc3 Ng6 14. Nd2 Nc5 15. a4 Bd7 16. Nb4 Qe8 17. a5 Rc8 18. a6 bxa6 19. Nxa6 Nxa6 20. bxa6 Bc6 21. Bd5+ Kh7 22. Qb3 Ne7 23. Bxc6 Nxc6 24. c5 dxc5 25. Qd5 Nd4 26. Bxd4 cxd4 27. Rb7 Qa4 28. Rxa7 Qc2 29. Nf3 Rcd8 30. Qa5 e4 31. Rxc7 Qb3 32. dxe4 d3 33. exd3 Qxd3 34. Qe5 Rd7 35. Rxd7 Qxd7 36. Qd5 Qa4 37. exf5 Qxa6 38. Re1 Qf6 39. g4 Rd8 40. Qe6 Qc3 41. Kg2 Rf8 42. Re3 Qf6 43. Nd2 Kh8 44. Qxf6 Rxf6 45. Re8+ Kh7 46. Ne4 Rc6 47. Re6 Rc4 48. h3 Rd4 49. Nf6+ Bxf6 50. Rxf6 Ra4 51. Rf7+ Kg8 52. Rb7 h5 53. Kg3 h4+ 54. Kg2 Ra6 55. Re7 Kf8 56. Re6 Rxe6 57. fxe6 Ke7 58. Kf3 Kxe6 59. Ke3 Ke7 60. Kd4 1-0

[Event "CZE-chT2c 0607"]
[Site "Czech Republic"]
[Date "2006.10.15"]
[Round "1.2"]
[White "Hudziak, Pawel"]
[Black "Novotny, Michal"]
[Result "0-1"]
[WhiteElo "2245"]
[BlackElo "2238"]
[PlyCount "76"]
[EventDate "2006.10.15"]
[EventType "team-tourn"]
[EventRounds "11"]
[EventCountry "CZE"]
[SourceTitle "EXT 2008"]
[Source "ChessBase"]
[SourceDate "2007.11.25"]
[SourceVersion "1"]
[SourceVersionDate "2007.11.25"]
[SourceQuality "1"]
[WhiteTeam "Rychnov nad Kneznou"]
[BlackTeam "Polabiny II"]
[WhiteTeamCountry "CZE"]
[BlackTeamCountry "CZE"]

1. c4 Nf6 2. Nc3 d5 3. cxd5 Nxd5 4. Nf3 g6 5. g3 Bg7 6. Bg2 Nb6 7. a4 a5 8. d4 Nc6 9. Nb5 Nb4 10. Bf4 N6d5 11. Be5 f6 12. Bf4 Nxf4 13. gxf4 Bh6 14. e3 Bf5 15. 0-0 Qd7 16. Nh4 Bd3 17. Re1 c6 18. Nc3 0-0 19. Ne4 Bc2 20. Nc5 Qc8 21. Qe2 b6 22. Ne4 Qe6 23. Ng3 f5 24. Ra3 Bb3 25. Rc1 Bd5 26. Nf3 Rac8 27. Ne5 Bg7 28. f3 Bxe5 29. dxe5 c5 30. Bh3 Bb7 31. e4 Ba6 32. Qg2 Kh8 33. Rcc3 Rcd8 34. Nf1 Nd3 35. Qg5 Qf7 36. Rab3 fxe4 37. Rxb6 Nxf4 38. fxe4 Nxh3+ 0-1

[Event "CZE-chT2c 0506"]
[Site "Czech Republic"]
[Date "2005.12.04"]
[Round "4.2"]
[White "Hudziak, Pawel"]
[Black "Chalupa, Ivan"]
[Result "1-0"]
[WhiteElo "2192"]
[BlackElo "2191"]
[PlyCount "63"]
[EventDate "2005.10.16"]
[EventType "team-tourn"]
[EventRounds "11"]
[EventCountry "CZE"]
[SourceTitle "EXT 2009"]
[Source "ChessBase"]
[SourceDate "2008.11.26"]
[SourceVersion "1"]
[SourceVersionDate "2008.11.26"]
[SourceQuality "1"]
[WhiteTeam "Rychnov nad Kneznou"]
[BlackTeam "Vysehrad III"]
[WhiteTeamCountry "CZE"]
[BlackTeamCountry "CZE"]

1. d4 d5 2. Nf3 Nf6 3. c4 dxc4 4. Qa4+ c6 5. Qxc4 Bf5 6. Nc3 Nbd7 7. g3 e6 8. Bg2 Ne4 9. Nh4 Ndf6 10. Nxf5 exf5 11. 0-0 Be7 12. f3 Nxc3 13. bxc3 0-0 14. Bh3 Qa5 15. Qd3 g6 16. e4 Rfd8 17. Bd2 Qa3 18. Kh1 b5 19. exf5 c5 20. Bc1 Qa4 21. Bb2 Nd5 22. Rfe1 Bf6 23. fxg6 hxg6 24. Re4 cxd4 25. cxd4 Nb4 26. Qd2 Rd5 27. Rc1 Nxa2 28. Rc6 Kg7 29. Be6 Rh5 30. d5 Qb3 31. Bxf6+ Kxf6 32. Rf4+ 1-0

[Event "CZE-chT2c 0405"]
[Site "Czech Republic"]
[Date "2004.12.19"]
[Round "5.3"]
[White "Kourek, Josef"]
[Black "Hudziak, Pawel"]
[Result "1-0"]
[WhiteElo "2269"]
[BlackElo "2158"]
[PlyCount "71"]
[EventDate "2004.10.17"]
[EventType "team-tourn"]
[EventRounds "11"]
[EventCountry "CZE"]
[SourceTitle "EXT 2007"]
[Source "ChessBase"]
[SourceDate "2006.11.23"]
[SourceVersion "1"]
[SourceVersionDate "2006.11.23"]
[SourceQuality "1"]
[WhiteTeam "Polabiny"]
[BlackTeam "Rychnov nad Kneznou"]
[WhiteTeamCountry "CZE"]
[BlackTeamCountry "CZE"]

1. d4 Nf6 2. Bg5 e6 3. e3 h6 4. Bh4 d6 5. Nf3 Nbd7 6. Bc4 g5 7. Bg3 Qe7 8. Nc3 c6 9. e4 e5 10. dxe5 dxe5 11. Qe2 Bg7 12. a4 Nh5 13. 0-0 Nf4 14. Qe3 Nf8 15. Rfd1 N8g6 16. Rd2 g4 17. Ne1 h5 18. Rad1 0-0 19. Rd6 Kh7 20. Qc5 Ne6 21. Bxe6 Bxe6 22. f3 Qg5 23. Ne2 b6 24. f4 Qh6 25. Qf2 exf4 26. Bxf4 Nxf4 27. Nxf4 Be5 28. Nxe6 fxe6 29. Rd7+ Kh8 30. Qd2 Qf6 31. Qe2 Bxb2 32. h3 c5 33. hxg4 hxg4 34. g3 Bd4+ 35. R1xd4 cxd4 36. Qh2+ 1-0

[Event "CZE-chT2c 0405"]
[Site "Czech Republic"]
[Date "2004.12.05"]
[Round "4.2"]
[White "Vacek, Martin"]
[Black "Hudziak, Pawel"]
[Result "1/2-1/2"]
[WhiteElo "2301"]
[BlackElo "2158"]
[PlyCount "153"]
[EventDate "2004.10.17"]
[EventType "team-tourn"]
[EventRounds "11"]
[EventCountry "CZE"]
[SourceTitle "EXT 2007"]
[Source "ChessBase"]
[SourceDate "2006.11.23"]
[SourceVersion "1"]
[SourceVersionDate "2006.11.23"]
[SourceQuality "1"]
[WhiteTeam "Hradec Kralove II"]
[BlackTeam "Rychnov nad Kneznou"]
[WhiteTeamCountry "CZE"]
[BlackTeamCountry "CZE"]

1. e4 c6 2. d4 d5 3. e5 c5 4. dxc5 Nc6 5. Bb5 e6 6. Be3 Nge7 7. Nc3 Nf5 8. Bd4 Bd7 9. Bxc6 Bxc6 10. a3 Bxc5 11. Bxc5 d4 12. Nf3 dxc3 13. Qxd8+ Rxd8 14. Bxa7 Bxf3 15. gxf3 Rd2 16. Rc1 Nh4 17. bxc3 Nxf3+ 18. Kf1 Nxe5 19. Bd4 Nc4 20. Rg1 e5 21. Bc5 Rd5 22. Bb4 g6 23. Rg4 b5 24. a4 f5 25. Rh4 Nd2+ 26. Kg2 Ne4 27. f3 Nf6 28. axb5 Rxb5 29. Ra1 Kd7 30. Ra6 Nh5 31. Rc4 Nf4+ 32. Kf2 Rhb8 33. Rd6+ Ke8 34. Rc7 R5b7 35. Rc5 Rb5 36. Rc7 R5b7 37. Rcc6 Rd7 38. Rf6 Rf7 39. Rfd6 Rd7 40. Rf6 Rd2+ 41. Ke1 Re2+ 42. Kf1 Rxc2 43. Rf8+ Kd7 44. Rd6+ Kc7 45. Rf7+ Kc8 46. Rxh7 Rc1+ 47. Kf2 Rc2+ 48. Ke1 Ng2+ 49. Kf1 Ne3+ 50. Kg1 Rg2+ 51. Kh1 Rf2 52. Rxg6 Rf1+ 53. Rg1 Rb7 54. Rh8+ Kd7 55. Rxf1 Nxf1 56. Rh7+ Kc6 57. Rxb7 Kxb7 58. Kg2 Ne3+ 59. Kf2 f4 60. h4 Kc6 61. h5 Nd5 62. Ke2 Nf6 63. h6 Kd7 64. Kd3 Ke6 65. Ba5 Kf7 66. Bd8 Nd7 67. Ke4 Kg6 68. Be7 Kxh6 69. c4 Kg6 70. Bb4 Kf6 71. Kd5 Nb6+ 72. Kc5 Nc8 73. Kc6 Kf5 74. Kb7 e4 75. Kxc8 exf3 76. Bc5 Ke4 77. Bg1 1/2-1/2